000
00409nam a22001697a 4500
003
MPLRDC
005
20220104114230.0
008
210129b ||||| |||| 00| 0 eng d
082
_a
857.48 ZYF
100
_a
张远芬
245
_a
金瓶梅新证
_c
250
_a
一版一刷
260
_a
_b
齐鲁书社
_c
1984
300
_b
平
650
_a
话本小说及章回--金瓶梅
942
_c
BK
_o
857.48 ZYF
999
_c
5866
_d
5856